[Event "WCh w Blitz Final"]
[Site "Moscow RUS"]
[Date "2010.09.18"]
[Round "29"]
[White "Sebag,M"]
[Black "Koneru,H"]
[Result "1/2-1/2"]
[WhiteElo "2499"]
[BlackElo "2593"]
[EventDate "2010.09.17"]

1. e4 c5 2. Nf3 e6 3. d4 cxd4 4. Nxd4 a6 5. Bd3 Bc5 6. Nb3 Be7 7. Qg4 g6 8.
O-O d6 9. c4 Nf6 10. Qe2 O-O 11. Nc3 Nbd7 12. f4 b6 13. Be3 Bb7 14. Rae1
Re8 15. Kh1 Bf8 16. Bf2 Bg7 17. Bh4 Qc7 18. Bf2 Rad8 19. Rc1 Qb8 20. Na4 b5
21. cxb5 axb5 22. Nb6 e5 23. Nxd7 Nxd7 24. Bxb5 exf4 25. Qg4 Nf6 26. Qxf4
Rxe4 27. Qd2 Qa8 28. Na5 Bd5 29. Bc6 Bxc6 30. Nxc6 Rde8 31. Bd4 R4e6 32. b4
Ne4 33. Qf4 Qb7 34. b5 Bxd4 35. Nxd4 Rf6 36. Qh4 Rxf1+ 37. Rxf1 Qd5 38. Qf4
f5 39. Qe3 Nf6 40. Qb3 Re4 41. Qxd5+ Nxd5 42. Nb3 Nc3 43. b6 Rb4 44. Rc1
Nxa2 45. Rc8+ Kg7 46. Rc7+ Kh6 47. Nd2 Rxb6 48. Kg1 Nb4 49. Nf3 Nd5 50. Ra7
g5 51. h4 g4 52. Nd4 Kg6 53. h5+ Kxh5 54. Nxf5 Kg5 55. Nd4 h5 56. Ra5 Kf4
57. Rxd5 Ke4 58. Rb5 Rxb5 59. Nxb5 h4 60. Nxd6+ Kf4 61. Kh2 Ke5 62. Nc4+
Kf4 63. Nd2 Kf5 64. Nf1 Kf4 65. Nd2 Ke3 66. Nc4+ Kf4 67. Nd6 Ke5 68. Nf7+
Kf4 69. Nh8 Kf5 70. Nf7 Kg6 71. Nd6 Kg5 72. Nc4 Kf4 73. Nb6 Ke4 74. Na4 Ke3
75. Nb2 Kd4 76. Nd1 Ke4 77. Nf2+ Kf4 78. Nd3+ Ke3 79. Ne5 Kf4 80. Ng6+ Kg5
81. Ne7 Kf4 82. Nc6 Kf5 83. Nb4 Kf4 84. Nd3+ Ke3 85. Ne5 Kf4 86. Ng6+ Kg5
87. Nf8 Kf6 88. Nd7+ Kf5 89. Kg1 Kf4 90. Kh2 Kf5 91. Kg1 Kf4 92. Kf2 Ke4
93. Nf6+ Kf4 94. Nd5+ Ke4 95. Nc3+ Kf4 96. Ne2+ Ke4 97. Ng1 Kf4 98. Ne2+
Ke4 99. Nc1 Kf4 100. Nb3 Ke4 101. Na5 Kf4 102. Nc4 Ke4 103. Nd2+ Ke5 104.
Ke3 1/2-1/2

[Event "WCh w Blitz Final"]
[Site "Moscow RUS"]
[Date "2010.09.18"]
[Round "29"]
[White "Nebolsina,V"]
[Black "Stefanova,A"]
[Result "1-0"]
[WhiteElo "2360"]
[BlackElo "2551"]
[EventDate "2010.09.17"]

1. d4 d5 2. c4 dxc4 3. Nf3 Nf6 4. e3 Be6 5. Na3 g6 6. Bxc4 Bxc4 7. Nxc4 Qd5
8. Qb3 Bg7 9. Bd2 O-O 10. Bb4 Re8 11. Rc1 Nbd7 12. Na5 Qxb3 13. axb3 c6 14.
Ba3 Rab8 15. O-O Ne4 16. Rfd1 e6 17. Nd2 Nxd2 18. Rxd2 Bf8 19. Nc4 Nf6 20.
Bxf8 Kxf8 21. f3 Red8 22. Kf2 Ke7 23. e4 Rbc8 24. Ra1 a6 25. Ke3 Ne8 26. g4
Nc7 27. Nb6 Rb8 28. Rad1 Na8 29. Nc4 Nc7 30. Nb6 Na8 31. Nc4 f6 32. h4 Rd7
33. g5 f5 34. Ne5 Rdd8 35. h5 Rg8 36. hxg6 hxg6 37. Rh1 Rg7 38. Rdh2 fxe4
39. fxe4 Rbg8 40. Rh7 Nc7 41. Nxg6+ Kd8 42. Rxg7 Rxg7 43. Rh8+ Kd7 44. Ne5+
Ke7 45. g6 Nb5 46. Rb8 Nd6 47. Kf4 Kf6 48. Rf8+ Ke7 49. Rh8 Kf6 50. Rf8+
Ke7 51. Rh8 Kf6 52. Rd8 Nb5 53. Ke3 c5 54. Rf8+ Ke7 55. Rb8 cxd4+ 56. Kf4
Nd6 57. Kg5 Nxe4+ 58. Kh6 Kf6 59. Ng4+ Kf5 60. Rc8 b5 61. Rc5+ 1-0

[Event "WCh w Blitz Final"]
[Site "Moscow RUS"]
[Date "2010.09.18"]
[Round "29"]
[White "Muzychuk,A"]
[Black "Skripchenko,A"]
[Result "1/2-1/2"]
[WhiteElo "2535"]
[BlackElo "2464"]
[EventDate "2010.09.17"]

1. e4 d6 2. f4 g6 3. Nf3 Bg7 4. g3 c5 5. Bg2 Nc6 6. d3 Nf6 7. O-O Bg4 8. h3
Bxf3 9. Qxf3 O-O 10. c3 Nd7 11. Be3 Rc8 12. Nd2 b5 13. g4 a5 14. a4 b4 15.
e5 dxe5 16. f5 bxc3 17. bxc3 e4 18. Nxe4 Nde5 19. Qg3 Qxd3 20. Rad1 Qc4 21.
f6 exf6 22. Nd6 Qxc3 23. Nxc8 Rxc8 24. Rc1 Qa3 25. Bf4 Qxg3 26. Bxg3 Nd4
27. Kh2 Ne2 28. Rc2 Nxg3 29. Kxg3 c4 30. Rb1 Bh6 31. Rb5 Nd3 32. Bd5 c3 33.
Rb3 Bd2 34. Rxd2 cxd2 35. Rxd3 Rc2 36. Bf3 Ra2 37. Rd5 Rxa4 38. Rxd2 Ra3
39. Rd7 Kg7 40. Kf2 Ra2+ 41. Kf1 Ra1+ 42. Ke2 Ra2+ 43. Ke3 Ra3+ 44. Kf2 Kg8
45. h4 Ra2+ 46. Kg3 Ra3 47. Ra7 Kg7 48. Kf2 Ra2+ 49. Ke3 Ra3+ 50. Ke2 Ra2+
51. Kd1 Ra3 52. Ke2 Ra2+ 53. Ke1 Rh2 54. h5 Ra2 55. Bd5 Ra1+ 56. Kf2 Kh6
57. Bxf7 Kg5 58. Be6 gxh5 59. gxh5 Kxh5 60. Rxh7+ Kg5 61. Ra7 Kf4 62. Ke2
Ke4 63. Kd2 1/2-1/2

[Event "WCh w Blitz Final"]
[Site "Moscow RUS"]
[Date "2010.09.18"]
[Round "30"]
[White "Kosintseva,N"]
[Black "Muzychuk,A"]
[Result "1-0"]
[WhiteElo "2565"]
[BlackElo "2535"]
[EventDate "2010.09.17"]

1. e4 c5 2. Nf3 Nc6 3. c3 e6 4. d4 d5 5. exd5 exd5 6. Bb5 Nf6 7. O-O cxd4
8. Nxd4 Bd7 9. Bg5 Be7 10. Bxf6 Bxf6 11. Re1+ Be7 12. Na3 O-O 13. Nac2 Bf6
14. Bxc6 bxc6 15. b4 a5 16. a3 axb4 17. axb4 Rxa1 18. Nxa1 Re8 19. Nab3 h6
20. h3 Rxe1+ 21. Qxe1 Qb6 22. Nc5 Qc7 23. Qe3 Kh7 24. Qd3+ g6 25. Qe3 Kg7
26. f4 Bc8 27. Nf3 Bf5 28. Ne5 Qa7 29. Ne6+ 1-0

[Event "WCh w Blitz Final"]
[Site "Moscow RUS"]
[Date "2010.09.18"]
[Round "30"]
[White "Skripchenko,A"]
[Black "Gaponenko,I"]
[Result "1/2-1/2"]
[WhiteElo "2464"]
[BlackElo "2469"]
[EventDate "2010.09.17"]

1. e4 c5 2. Nf3 d6 3. d3 g6 4. g3 Bg7 5. Bg2 Nc6 6. O-O e5 7. Ng5 h6 8. Nh3
Nge7 9. f4 exf4 10. Nxf4 O-O 11. Nc3 Nd4 12. Be3 Rb8 13. Qd2 Kh7 14. a4 b6
15. Rf2 a6 16. Raf1 f5 17. Kh1 b5 18. axb5 axb5 19. Ncd5 Nxd5 20. exd5 b4
21. Ra1 Qe7 22. Rff1 b3 23. Bxd4 Bxd4 24. Rfe1 Qg7 25. c3 Be5 26. Ra4 g5
27. Ne6 Bxe6 28. dxe6 Rbe8 29. Bd5 f4 30. d4 cxd4 31. cxd4 Bf6 32. g4 Re7
33. Bxb3 d5 34. Bxd5 Rd8 35. Be4+ Kh8 36. d5 Bxb2 37. Qf2 Bc3 38. Rb1 Qe5
39. Bf3 Rxd5 40. Bxd5 Qxd5+ 41. Qg2 Qxe6 42. Ra8+ Kg7 43. Ra2 Bf6 44. Rc2
Qe3 45. Rf1 Qe5 46. Qf3 Qe3 47. Ra2 Qxf3+ 48. Rxf3 Bd4 49. Rf1 Be3 50. Kg2
Bd4 51. Rd2 Be3 52. Re2 Rd7 53. Kf3 Ra7 54. Rb2 Ra3 55. Ke4 Ra7 56. Rd1
Re7+ 57. Kf5 Rf7+ 58. Ke4 Re7+ 59. Kf3 Ba7 60. Rd3 Be3 61. Rc2 Ra7 62. Rd6
Re7 63. Rcc6 Ba7 64. Rxh6 Re3+ 65. Kg2 Re2+ 66. Kf1 Rf2+ 67. Ke1 Rg2 68.
Rcg6+ Kf7 69. Rxg5 Be3 70. Rf5+ Kg7 71. Rh4 Kg6 72. Rh8 Rxg4 73. Rff8 Rg1+
74. Ke2 Rg2+ 75. Kd3 Rd2+ 76. Ke4 Rd7 77. Rhg8+ Kh7 78. Rg4 Rg7 79. Rxg7+
Kxg7 80. Rf5 Kg6 81. h4 Kh6 82. Kf3 Kg6 83. Kg4 Kh6 84. Rb5 Bd2 85. Rb6+
Kg7 86. h5 Kh7 87. Rf6 Kg7 88. Rg6+ Kh7 89. Rf6 Kg7 90. Rf5 Kh6 91. Rf6+
Kg7 92. Rc6 Kh7 93. Kf3 Kg7 94. Ke4 Kh7 95. Ra6 Kg7 96. Kf3 Kh7 97. Kg4 Kg7
98. Kf5 f3 99. Ra3 f2 100. Rf3 Be3 101. Kg4 Kh6 102. Rf5 Ba7 103. Rf6+ Kg7
104. Rf3 Kh6 105. Rf5 Bd4 106. Kg3 Ba7 107. Kg2 Bd4 108. Rd5 Be3 109. Kf1
Ba7 110. Ke2 Be3 111. Rf5 Bg5 112. Kxf2 Kxh5 113. Kf3 Kg6 114. Rb5 Bf6 115.
Kg4 Kf7 116. Kf5 Bd4 117. Rb7+ Ke8 118. Ke6 Kf8 119. Rd7 Bb2 120. Rf7+ Kg8
121. Rb7 Bc3 122. Rc7 Bb2 123. Kf5 Kf8 124. Kg6 Ke8 125. Rb7 Bc3 126. Kf5
Kd8 127. Ke6 Kc8 128. Rf7 Kb8 129. Kd6 Ka8 130. Kc6 Be5 131. Kb6 Bh2 132.
Rf8+ Bb8 133. Rf1 Be5 134. Re1 Bd4+ 135. Ka6 Ba7 136. Re7 Bb8 137. Rd7 Bf4
138. Kb5 Bb8 139. Kc6 Bf4 140. Rd8+ Ka7 141. Rd4 Be5 142. Rd5 Bf4 143. Rf5
Bg3 144. Rf7+ Ka8 145. Kb6 Bb8 146. Rf1 Be5 147. Re1 Bd4+ 148. Kc6 Bf2 149.
Rf1 Bg3 150. Rg1 Bf4 151. Ra1+ Kb8 152. Kb6 Be3+ 153. Kc6 Bf4 154. Rb1+ Ka8
155. Kb6 Be3+ 156. Ka6 Bf4 157. Rb7 Bb8 158. Rd7 Bf4 159. Ra7+ Kb8 160. Rf7
Bg3 161. Kb6 1/2-1/2

[Event "WCh w Blitz Final"]
[Site "Moscow RUS"]
[Date "2010.09.18"]
[Round "30"]
[White "Paikidze,N"]
[Black "Nebolsina,V"]
[Result "0-1"]
[WhiteElo "2376"]
[BlackElo "2360"]
[EventDate "2010.09.17"]

1. d4 Nf6 2. c4 g6 3. Nc3 d5 4. Bg5 Ne4 5. Bh4 Nxc3 6. bxc3 dxc4 7. e3 Be6
8. Nf3 Bg7 9. Rb1 Nd7 10. Rxb7 c5 11. Be2 cxd4 12. exd4 Bd5 13. Rb5 Nb6 14.
O-O Qd7 15. Rb4 O-O 16. Ne5 Qb7 17. f3 Bxe5 18. dxe5 Rfd8 19. Qc1 Qc7 20.
Qe3 Be6 21. a4 Nd5 22. Qf4 Nxf4 0-1

[Event "WCh w Blitz Final"]
[Site "Moscow RUS"]
[Date "2010.09.18"]
[Round "30"]
[White "Zhukova,N"]
[Black "Gunina,V"]
[Result "1-0"]
[WhiteElo "2499"]
[BlackElo "2465"]
[EventDate "2010.09.17"]

1. d4 d5 2. c4 e6 3. Nc3 Be7 4. Nf3 Nf6 5. Bg5 O-O 6. e3 c5 7. dxc5 Bxc5 8.
cxd5 exd5 9. Be2 Nc6 10. O-O Be6 11. Rc1 Be7 12. Nd4 h6 13. Bh4 Rc8 14.
Nxc6 bxc6 15. Na4 c5 16. b3 Qa5 17. Qe1 Qd8 18. Bxf6 gxf6 19. Qc3 Qd6 20.
Rfd1 Rfd8 21. Qd3 Rc7 22. Nc3 Qe5 23. f4 Qd6 24. Nb5 Qb6 25. Nxc7 Qxc7 26.
f5 Bc8 27. Bf3 Bb7 28. Qd2 Qe5 29. Qf2 Qxf5 30. Qg3+ Kh8 31. Qc7 Rd7 32.
Qb8+ Kg7 33. Qg3+ Qg5 34. Qxg5+ fxg5 35. Kf2 f5 36. g4 Kf6 37. gxf5 Kxf5
38. e4+ Ke5 39. exd5 Bd6 40. Re1+ Kf5 41. h3 h5 42. Bxh5 Rd8 43. Bg4+ Kf6
44. Re6+ Kg7 45. Rd1 Rf8+ 46. Kg2 Rd8 47. Bf3 Bc8 48. Re2 Bf4 49. Bg4 Bb7
50. Be6 Kf6 51. Kf3 Rh8 52. Kf2 Rd8 53. a3 a5 54. Rc2 Bd6 55. Re2 Be5 56.
Kf3 Ba6 57. Rf2 Bf4 58. Kg4 Rb8 59. h4 Ke7 60. hxg5 Be5 61. Rf7+ Ke8 62. g6
Be2+ 63. Kf5 Bxd1 64. Kxe5 Rxb3 65. g7 Rg3 66. Rf8+ Ke7 67. g8=Q Re3+ 68.
Kf4 Rf3+ 69. Ke4 1-0